Introduction of artificial vision in manufacturing and inspection work and its training implications : a workshop meeting 6 and 7 November 1985 /

Bibliographic Details
Corporate Author: European Centre for the Development of Vocational Training
Other Authors: Aleksander, Igor
Format: Book
Language:English
Published: Berlin : European Centre for the Development of Vocational Training, [1986]
Subjects:

MARC

Tag First Indicator Second Indicator Subfields
LEADER 00000cam a2200000 a 4500
001 in00000017279
005 20151007053432.0
008 861211s1986 gw i10000 eng d
020 |a 9282563790 
035 |a (OCoLC)14953488 
035 |9 AAB1639AM 
040 |a GZM  |c GZM  |d m/c  |d TXA  |d UtOrBLW 
049 |a TXAM  |c [A12610876] 
050 4 |a TJ211  |b .I67 1986 
245 0 0 |a Introduction of artificial vision in manufacturing and inspection work and its training implications :  |b a workshop meeting 6 and 7 November 1985 /  |c authors; I. Aleksander [and others]. 
264 1 |a Berlin :  |b European Centre for the Development of Vocational Training,  |c [1986] 
300 |a 104 pages :  |b illustrations ;  |c 20 cm. 
336 |a text  |b txt  |2 rdacontent 
337 |a unmediated  |b n  |2 rdamedia 
338 |a volume  |b nc  |2 rdacarrier 
500 |a "Catalogue number: HX-46-86-622-EN-C." 
504 |a Includes bibliographical references. 
650 0 |a Robots, Industrial. 
650 0 |a Robotics. 
650 0 |a Artificial vision. 
700 1 |a Aleksander, Igor. 
710 2 |a European Centre for the Development of Vocational Training. 
999 |a MARS 
999 f f |s 9d709cd9-3d83-3a38-84e3-23a5389f3b59  |i 96498d4f-1ac8-3724-bb82-caa11cb597a1  |t 0 
952 f f |p ric  |a Texas A&M University  |b Rellis Campus  |c Joint Library Facility  |d Remote Storage  |t 0  |e TJ211 .I67 1986  |h Library of Congress classification  |i unmediated -- volume  |m A14812610876 
998 f f |a TJ211 .I67 1986  |t 0  |l Remote Storage